00644 2200241 4500001002300000005001700023006001900040008004100059020002200100035002500122040001200147082001600159084001600175090002200191100001600213245002200229250001700251260003100268300003600299440003300335850001500368990001900383NBPULOB00000000000621720140818085120.0a ||| | 161121| ||| |  a978-979-1304-03-0 a0010-041400000000700 aNPBULOB0 a2x9.1.Set.u a2x9.1.Set.u a200/Agama/RAK18.30 aA. Setiawan00aUbadah bin Shamit aEdisi revisi aBandungbTitian Ilmuc2007 aVI + 70 hlmbilusc19,5 x 21 cm 0aCinta kebenaran dan keadilan aKPAD Lobar a21.062/Sumb/09